| 000 | 00510nam a2200157Ia 4500 | ||
|---|---|---|---|
| 008 | 210716s2003 xx 000 0 und d | ||
| 020 | _a818128030X | ||
| 041 | _aeng | ||
| 082 | _a658.7 KNOG | ||
| 100 | _aKnolmayer, Gerhard;Mertens, Peter;Zeier, Alexander. | ||
| 245 |
_aSupply chain management based on SAP systems: oder management in manufacturing companies. _bOder management in manufacturing companies. |
||
| 250 | _a1 | ||
| 260 |
_aNew Delhi _bSpringer _c2003 |
||
| 300 | _aXI,244 | ||
| 650 | _aNone | ||
| 999 |
_c197865 _d197865 |
||